Statistics for AC Milan Squad 2018-2019

Click here to take the quiz!

General Stats

  • This quiz has been taken 132 times
  • The average score is 20 of 30

Answer Stats

RuoloGiocatoreNazionalità% Correct
GKAntonio DonnarummaItaly
96%
GKGianluigi DonnarummaItaly
96%
CMFranck KessiéIvory Coast
88%
CBAlessio RomagnoliItaly
85%
LWHakan ÇalhanogluTurkey
85%
LBRicardo RodríguezSwitzerland
85%
RWSusoSpain
85%
STGonzalo HiguainArgentina
77%
RBDavide CalabriaItaly
76%
CMLucas BigliaArgentina
76%
CBCristián ZapataColumbia
75%
CBMateo MusacchioArgentina
74%
GKPepe ReinaSpain
74%
LMDiego LaxaltUruguay
73%
STPatrick CutroneItaly
72%
CMGiacomo BonaventuraItaly
71%
RBAndrea ContiItaly
67%
CMTiémoué BakayokoFrance
66%
RBIgnazio AbateItaly
64%
RW/LWSamu CastillejoSpain
63%
LBIvan StrinićCroatia
59%
RW/LWFabio BoriniItaly
56%
CBMattia CaldaraItaly
55%
CMRiccardo MontolivoItaly
54%
GKAlessandro PlizzariItaly
43%
CMAlen HalilovićCroatia
35%
CMJosé MauriItaly
35%
CMAndrea BertolacciItaly
33%
CBStefan SimićCzech Rep
31%
CMMatteo GabbiaItaly
23%

Score Distribution

Percentile by Number Answered

Percent of People with Each Score

Your Score History

You have not taken this quiz